[Event "Wroclaw Anderssen Memorial op-B"]
[Site "Wroclaw"]
[Date "2023.??.??"]
[Round "1"]
[White "Bem, Tymoteusz"]
[Black "Gorecka, Dominika"]
[Result "1-0"]
[WhiteElo "1634"]
[BlackElo "1199"]
[PlyCount "67"]
[EventDate "2023.08.06"]
[EventType "swiss"]
[EventRounds "9"]
[EventCountry "POL"]
[SourceTitle "EXT 2024"]
[Source "ChessBase"]
[SourceDate "2023.10.10"]
[SourceVersion "1"]
[SourceVersionDate "2023.10.10"]
[SourceQuality "1"]

1. d4 e6 2. c4 d5 3. Nc3 c6 4. e4 Bb4 5. cxd5 exd5 6. e5 Bf5 7. Nf3 Nd7 8. Bd3 Ne7 9. 0-0 Bxd3 10. Qxd3 Ng6 11. Ne2 Ndf8 12. Ng5 Be7 13. Nh3 Ne6 14. f4 Ngf8 15. f5 Ng5 16. Nxg5 Bxg5 17. Bxg5 Qxg5 18. Rae1 0-0-0 19. b4 h5 20. b5 c5 21. dxc5 Nd7 22. Qd4 h4 23. c6 Nb6 24. h3 g6 25. f6 Rhe8 26. Nf4 Kb8 27. e6 bxc6 28. bxc6 Qh6 29. Rb1 Kc7 30. Rxb6 axb6 31. exf7 Rf8 32. Nxd5+ Kxc6 33. Rd1 Kb7 34. Qxb6+ 1-0

[Event "Wroclaw Anderssen Memorial op-B"]
[Site "Wroclaw"]
[Date "2023.??.??"]
[Round "3"]
[White "Bem, Tymoteusz"]
[Black "Korolewicz, Pawel"]
[Result "0-1"]
[WhiteElo "1634"]
[BlackElo "1715"]
[PlyCount "88"]
[EventDate "2023.08.06"]
[EventType "swiss"]
[EventRounds "9"]
[EventCountry "POL"]
[SourceTitle "EXT 2024"]
[Source "ChessBase"]
[SourceDate "2023.10.10"]
[SourceVersion "1"]
[SourceVersionDate "2023.10.10"]
[SourceQuality "1"]

1. d4 g6 2. c4 Bg7 3. e4 d6 4. Nc3 Nf6 5. f3 0-0 6. Be3 c5 7. d5 e6 8. Qd2 exd5 9. cxd5 Re8 10. Be2 a6 11. a4 Nbd7 12. Nh3 Rb8 13. Nf2 Ne5 14. 0-0 Bd7 15. a5 h5 16. h3 Bc8 17. Na4 Ned7 18. b4 cxb4 19. Bd4 b5 20. axb6 Nxb6 21. Qxb4 Nfxd5 22. exd5 Nxd5 23. Qxb8 Bxd4 24. Rad1 Nf4 25. Rxd4 Nxe2+ 26. Kh1 Nxd4 27. Rd1 Nb5 28. Ne4 Bf5 29. Qb7 Bxe4 30. fxe4 Qa8 31. Qd7 Qxe4 32. Rf1 Qe6 33. Qc6 d5 34. Qb7 d4 35. Nc5 Qe7 36. Nd7 Kg7 37. Qc6 Qe6 38. Qxe6 Rxe6 39. Nc5 Rd6 40. Nd3 Nc3 41. Kg1 a5 42. Ra1 a4 43. Kf2 Kf6 44. Nc5 d3 0-1

[Event "Wroclaw Anderssen Memorial op-B"]
[Site "Wroclaw"]
[Date "2023.??.??"]
[Round "6"]
[White "Bem, Tymoteusz"]
[Black "Korpalski, Maciej"]
[Result "1-0"]
[WhiteElo "1634"]
[BlackElo "1900"]
[PlyCount "59"]
[EventDate "2023.08.06"]
[EventType "swiss"]
[EventRounds "9"]
[EventCountry "POL"]
[SourceTitle "EXT 2024"]
[Source "ChessBase"]
[SourceDate "2023.10.10"]
[SourceVersion "1"]
[SourceVersionDate "2023.10.10"]
[SourceQuality "1"]

1. d4 Nf6 2. c4 g6 3. Nc3 Bg7 4. e4 d6 5. f3 0-0 6. Be3 c6 7. Qd2 a6 8. h4 h5 9. 0-0-0 b5 10. Kb1 Be6 11. d5 Bd7 12. Bh6 Bh8 13. g4 Qb6 14. gxh5 Nxh5 15. Bh3 bxc4 16. Bg4 Bxg4 17. fxg4 Nf6 18. h5 Nbd7 19. hxg6 fxg6 20. Bxf8 Nxf8 21. Rxh8+ Kxh8 22. Nf3 Rb8 23. Ng5 Nxg4 24. Rf1 Kg8 25. dxc6 Qxc6 26. Nd5 Rb7 27. Qc3 Ne5 28. Qh3 e6 29. Rxf8+ Kxf8 30. Qh8# 1-0

[Event "POL-ch U18"]
[Site "Jastrzebia Gora"]
[Date "2023.??.??"]
[Round "1"]
[White "Wojdak, Jan"]
[Black "Bem, Tymoteusz"]
[Result "1-0"]
[WhiteElo "2097"]
[BlackElo "1748"]
[PlyCount "73"]
[EventDate "2023.03.11"]
[EventType "swiss"]
[EventRounds "9"]
[EventCountry "POL"]
[SourceTitle "CBM 213 Extra"]
[Source "ChessBase"]
[SourceDate "2023.05.31"]
[SourceVersion "1"]
[SourceVersionDate "2023.05.31"]
[SourceQuality "1"]

1. e4 c5 2. Nf3 Nc6 3. Bb5 g6 4. Bxc6 bxc6 5. d4 cxd4 6. Qxd4 Nf6 7. e5 Nd5 8. 0-0 Bg7 9. Rd1 0-0 10. Qh4 f6 11. c4 Nc7 12. Qg3 Ne8 13. Nc3 fxe5 14. Nxe5 Qc7 15. Nxd7 Qxg3 16. hxg3 Rf7 17. Bf4 Nd6 18. Ne5 Bxe5 19. Bxe5 Nxc4 20. Rd8+ Rf8 21. Rxf8+ Kxf8 22. Bd4 Nxb2 23. Re1 Nd3 24. Re3 c5 25. Rxd3 Bf5 26. Rd2 cxd4 27. Rxd4 Rc8 28. Nd5 Rd8 29. g4 e5 30. Ra4 Bc2 31. Ra5 Rd7 32. Ne3 e4 33. Nxc2 Rd1+ 34. Kh2 Rd2 35. Ne3 Rxf2 36. Kg3 Re2 37. Kf4 1-0

[Event "Wroclaw Radzikowska Blitz op"]
[Site "Wroclaw"]
[Date "2022.11.04"]
[Round "1"]
[White "Tazbir, Marcin"]
[Black "Bem, Tymoteusz"]
[Result "1-0"]
[WhiteElo "2509"]
[BlackElo "1652"]
[PlyCount "65"]
[EventDate "2022.11.04"]
[EventType "swiss (blitz)"]
[EventRounds "11"]
[EventCountry "POL"]
[SourceTitle "EXT 2024"]
[Source "ChessBase"]
[SourceDate "2023.10.10"]
[SourceVersion "1"]
[SourceVersionDate "2023.10.10"]
[SourceQuality "1"]

1. c4 Nf6 2. g3 c6 3. Bg2 d5 4. Qc2 g6 5. Nf3 Bg7 6. 0-0 0-0 7. d3 Na6 8. a3 Nc7 9. b3 a5 10. Bb2 Re8 11. e4 dxe4 12. dxe4 Bg4 13. e5 Bf5 14. Qc1 Nd7 15. Rd1 Qc8 16. Qe3 Nf8 17. Nbd2 Bh3 18. Bh1 Nfe6 19. Ne4 Bg4 20. Bg2 Na6 21. h3 Bxf3 22. Bxf3 Qc7 23. Nd2 Nac5 24. Rab1 Red8 25. Be2 Nd7 26. f4 h5 27. Ne4 Qb6 28. Qxb6 Nxb6 29. Kf2 Rxd1 30. Rxd1 Rd8 31. Rxd8+ Nxd8 32. Bc3 a4 33. Ba5 1-0

[Event "Polanica Zdroj op-D 58th"]
[Site "Polanica Zdroj"]
[Date "2022.08.15"]
[Round "3"]
[White "Jankowski, Franciszek"]
[Black "Bem, Tymoteusz"]
[Result "0-1"]
[WhiteElo "1483"]
[BlackElo "1679"]
[PlyCount "44"]
[EventDate "2022.08.13"]
[EventType "swiss"]
[EventRounds "9"]
[EventCountry "POL"]
[SourceTitle "CBM 210 Extra"]
[Source "ChessBase"]
[SourceDate "2022.11.30"]
[SourceVersion "1"]
[SourceVersionDate "2022.11.30"]
[SourceQuality "1"]

1. c4 Nf6 2. Nc3 e6 3. Nf3 d5 4. cxd5 exd5 5. d4 h6 6. Bf4 Bd6 7. e3 0-0 8. Bd3 Bxf4 9. exf4 Bg4 10. 0-0 Qd6 11. h3 Bxf3 12. Qxf3 Nc6 13. Ne2 Rfe8 14. Rad1 Ne4 15. Rfe1 Qf6 16. Bb1 Re7 17. Nc3 Nd2 18. Qxd5 Rxe1+ 19. Rxe1 Nxb1 20. Rxb1 Qxf4 21. Ne2 Qd2 22. Qe4 Rd8 0-1

[Event "Polanica Zdroj op-D 58th"]
[Site "Polanica Zdroj"]
[Date "2022.08.14"]
[Round "2"]
[White "Bem, Tymoteusz"]
[Black "Sleczka, Krzysztof"]
[Result "1/2-1/2"]
[WhiteElo "1679"]
[BlackElo "1443"]
[PlyCount "183"]
[EventDate "2022.08.13"]
[EventType "swiss"]
[EventRounds "9"]
[EventCountry "POL"]
[SourceTitle "CBM 210 Extra"]
[Source "ChessBase"]
[SourceDate "2022.11.30"]
[SourceVersion "1"]
[SourceVersionDate "2022.11.30"]
[SourceQuality "1"]

1. d4 d5 2. c4 e6 3. Nc3 Nf6 4. Nf3 c6 5. Bg5 Nbd7 6. e3 Qa5 7. Nd2 dxc4 8. Bxf6 Nxf6 9. Nxc4 Qc7 10. Bd3 Be7 11. Qc2 0-0 12. h3 c5 13. 0-0 Rd8 14. Rfd1 a6 15. dxc5 Bxc5 16. Ne4 Nxe4 17. Bxe4 g6 18. Rxd8+ Qxd8 19. Rd1 Qe7 20. Qd3 Rb8 21. a3 Kg7 22. b4 Ba7 23. Nd6 Bd7 24. Qc3+ Qf6 25. Qxf6+ Kxf6 26. Bxb7 Bb5 27. Bf3 Ba4 28. Rc1 Rd8 29. Ne4+ Kg7 30. Rc7 Bb8 31. Rc5 Rd3 32. Nc3 Bb3 33. Be2 Rd6 34. Ne4 Rd7 35. Rc3 Ba2 36. f4 e5 37. g3 f5 38. Nc5 Rd2 39. Kf1 exf4 40. gxf4 a5 41. bxa5 Ba7 42. a6 Bd5 43. Ne4 Bxe4 44. Rc7+ Kf6 45. Rxa7 Ra2 46. Bc4 Ra1+ 47. Kf2 g5 48. fxg5+ Kxg5 49. Rg7+ Kf6 50. Rxh7 Rxa3 51. h4 Kg6 52. Rh8 Kg7 53. Rg8+ Kh7 54. Rg5 Kh6 55. Ke2 Rc3 56. Bf7 Rc2+ 57. Kd1 Rc6 58. a7 Ra6 59. Rh5+ Kg7 60. Bc4 Rxa7 61. Kd2 Ra3 62. Rg5+ Kf6 63. Rg8 Ra1 64. h5 Rh1 65. Rg6+ Ke7 66. h6 Rh3 67. Bg8 Kf8 68. h7 Rh4 69. Kc3 Bb1 70. Rg1 Be4 71. Kd4 Bc2+ 72. Ke5 Rh6 73. Rg6 Rh4 74. Kf6 f4 75. Rg4 Rh6+ 76. Kg5 Rg6+ 77. Kxf4 Rxg4+ 78. Kxg4 Kg7 79. Kf4 Bb1 80. Ke5 Bc2 81. Be6 Bd1 82. Bf5 Bf3 83. Be4 Be2 84. Kf4 Bc4 85. Bc2 Bd5 86. Ke5 Bb7 87. Be4 Ba6 88. Kd4 Be2 89. Bg2 Kxh7 90. e4 Kg7 91. e5 Kf7 92. Ke4 1/2-1/2

[Event "Wroclaw Anderssen Memorial"]
[Site "Wroclaw"]
[Date "2022.07.30"]
[Round "4"]
[White "Bem, Tymoteusz"]
[Black "Bech, Rafal"]
[Result "1-0"]
[WhiteElo "1679"]
[BlackElo "1094"]
[PlyCount "83"]
[EventDate "2022.07.30"]
[EventType "swiss (rapid)"]
[EventRounds "9"]
[EventCountry "POL"]
[SourceTitle "CBM 209 Extra"]
[Source "ChessBase"]
[SourceDate "2022.09.30"]
[SourceVersion "1"]
[SourceVersionDate "2022.09.30"]
[SourceQuality "1"]

1. d4 d5 2. c4 c6 3. Nc3 Nf6 4. Nf3 e6 5. Bg5 h6 6. Bxf6 Qxf6 7. e3 Nd7 8. Qc2 Be7 9. Bd3 dxc4 10. Bxc4 b5 11. Bd3 Bb7 12. Ne4 Bb4+ 13. Ke2 Qe7 14. Rhd1 0-0 15. a3 Ba5 16. b4 Bc7 17. Kf1 Nf6 18. Nxf6+ Qxf6 19. Bh7+ Kh8 20. Be4 e5 21. dxe5 Bxe5 22. Nxe5 Qxe5 23. Kg1 Rfd8 24. g3 Qe7 25. Rac1 a5 26. Bg2 axb4 27. axb4 Qxb4 28. Qf5 Qe7 29. Be4 g6 30. Qf4 Rxd1+ 31. Rxd1 c5 32. Qxh6+ Kg8 33. Bxb7 Qxb7 34. Qg5 Qc6 35. h4 c4 36. h5 Rb8 37. Qf4 c3 38. Qxb8+ Kg7 39. Qe5+ Kh6 40. Qf4+ Kg7 41. h6+ Kh7 42. Qxf7+ 1-0

[Event "Lazy Baltic Pearl op-A 18th"]
[Site "Lazy"]
[Date "2022.06.30"]
[Round "5"]
[White "Kossowski, Pawel"]
[Black "Bem, Tymoteusz"]
[Result "1-0"]
[WhiteElo "1737"]
[BlackElo "1682"]
[PlyCount "89"]
[EventDate "2022.06.26"]
[EventType "swiss"]
[EventRounds "9"]
[EventCountry "POL"]
[SourceTitle "CBM 209 Extra"]
[Source "ChessBase"]
[SourceDate "2022.09.30"]
[SourceVersion "1"]
[SourceVersionDate "2022.09.30"]
[SourceQuality "1"]

1. e4 c5 2. Nf3 Nc6 3. d4 cxd4 4. Nxd4 Nf6 5. Nc3 e5 6. Ndb5 d6 7. Bg5 a6 8. Na3 b5 9. Bxf6 gxf6 10. Nd5 Bg7 11. g3 f5 12. exf5 Bxf5 13. Bg2 0-0 14. Ne3 Ne7 15. Nxf5 Nxf5 16. Qh5 b4 17. Qxf5 bxa3 18. Be4 Re8 19. Qxh7+ Kf8 20. bxa3 Qa5+ 21. Kf1 d5 22. Bg2 e4 23. Rd1 Qb5+ 24. Kg1 Qe2 25. Rf1 Qd2 26. Qh5 e3 27. Bxd5 Ra7 28. fxe3 Qxe3+ 29. Kg2 Ree7 30. Rf2 Qd4 31. Rhf1 Re5 32. Rxf7+ Ke8 33. Rf8+ Kd7 34. Qf7+ Re7 35. Qf5+ Kd6 36. Rd8+ Kc7 37. Rc8+ Kb6 38. Rb1+ Ka5 39. Be6+ Be5 40. Re1 Rxe6 41. Qxe6 Qd2+ 42. Kf1 Bc7 43. Qc4 Bd6 44. Rc5+ Kb6 45. Rb1+ 1-0

[Event "POL-ch U15 Qual"]
[Site "Jastrzebia Gora"]
[Date "2021.11.19"]
[Round "7"]
[White "Bem, Tymoteusz"]
[Black "Jankowski, Franciszek"]
[Result "0-1"]
[WhiteElo "1262"]
[BlackElo "1522"]
[PlyCount "54"]
[EventDate "2021.11.15"]
[EventType "swiss"]
[EventRounds "9"]
[EventCountry "POL"]
[SourceTitle "EXT 2023"]
[Source "ChessBase"]
[SourceDate "2022.10.05"]
[SourceVersion "1"]
[SourceVersionDate "2022.10.05"]
[SourceQuality "1"]

1. d4 Nf6 2. c4 e6 3. g3 d5 4. Nf3 b6 5. Bg2 Bb7 6. 0-0 dxc4 7. Qa4+ Nbd7 8. Qxc4 Be7 9. Rd1 0-0 10. Nc3 c5 11. dxc5 Qc7 12. c6 Qxc6 13. Qxc6 Bxc6 14. Bf4 Rac8 15. Bd6 Rfe8 16. Rac1 Kf8 17. Bxe7+ Kxe7 18. Nd4 Bxg2 19. Kxg2 a6 20. e4 Ne5 21. b3 Red8 22. h3 Nxe4 23. Nxe4 Rxc1 24. Rxc1 Rxd4 25. Ng5 h6 26. Nf3 Nd3 27. Rd1 Nf4+ 0-1

[Event "POL-ch U15 Qual"]
[Site "Jastrzebia Gora"]
[Date "2021.11.16"]
[Round "3"]
[White "Bem, Tymoteusz"]
[Black "Latacz, Grzegorz"]
[Result "1-0"]
[WhiteElo "1262"]
[BlackElo "1446"]
[PlyCount "121"]
[EventDate "2021.11.15"]
[EventType "swiss"]
[EventRounds "9"]
[EventCountry "POL"]
[SourceTitle "EXT 2023"]
[Source "ChessBase"]
[SourceDate "2022.10.05"]
[SourceVersion "1"]
[SourceVersionDate "2022.10.05"]
[SourceQuality "1"]

1. d4 d5 2. c4 c6 3. Nf3 Nf6 4. Nc3 e6 5. Bg5 h6 6. Bh4 Nbd7 7. e3 Bb4 8. a3 Bxc3+ 9. bxc3 0-0 10. cxd5 exd5 11. Bd3 Qa5 12. Qc2 Re8 13. 0-0 Ne4 14. c4 Ndf6 15. cxd5 Qxd5 16. Bc4 Qh5 17. Bxf6 Nxf6 18. Qb3 Rb8 19. Ne5 Be6 20. Bxe6 Rxe6 21. Rac1 Ng4 22. Nxg4 Qxg4 23. h3 Qe4 24. Qc2 f5 25. Qxe4 Rxe4 26. Rfe1 f4 27. Rb1 b5 28. Rbc1 Rb6 29. Kf1 a5 30. Ke2 fxe3 31. fxe3 b4 32. Kd3 Re6 33. Rb1 b3 34. a4 Rb4 35. Kc3 Rxa4 36. Rxb3 Ra2 37. Rb2 Ra3+ 38. Rb3 Ra2 39. Rb2 Ra3+ 40. Kd2 Rf6 41. Rc2 a4 42. Re2 Kf7 43. Rc3 Ra1 44. Kd3 Ke7 45. Kc4 Rff1 46. Kc5 Rfc1 47. Rxc1 Rxc1+ 48. Kb4 Ra1 49. e4 a3 50. Kc3 a2 51. Rc2 Re1 52. Rxa2 Rxe4 53. Ra7+ Kf6 54. Ra6 Re6 55. Kc4 Kf5 56. Kc5 Ke4 57. d5 Re5 58. Ra4+ Ke3 59. Kxc6 Kf2 60. Rg4 g5 61. h4 1-0